[Event "CAN op"]
[Site "Calgary CAN"]
[Date "2023.07.23"]
[Round "3.34"]
[White "Miller, Brian"]
[Black "Singh Dhaliwal, Jaipreet"]
[Result "0-1"]
[WhiteElo "1677"]
[BlackElo "2028"]
[PlyCount "200"]
[EventDate "2023.07.22"]
[EventType "swiss"]
[EventRounds "10"]
[EventCountry "CAN"]

1. d4 Nf6 2. Nf3 g6 3. g3 Bg7 4. Bg2 d6 5. O-O O-O 6. c4 c6 7. Nc3 Bf5 8. Nh4
Be6 9. b3 d5 10. c5 b6 11. cxb6 axb6 12. Bb2 Qd7 13. Re1 Na6 14. Nf3 Qb7 15.
Rc1 Rac8 16. a3 Rfd8 17. e3 h6 18. Ne5 c5 19. Na4 Nd7 20. Nxd7 Bxd7 21. Nc3 Bc6
22. Ne2 e6 23. Qd2 c4 24. bxc4 dxc4 25. Bxc6 Qxc6 26. Qc2 b5 27. Bc3 Nc7 28.
Rb1 Bf8 29. Qb2 Ra8 30. Ra1 Rdb8 31. Reb1 Nd5 32. h4 Nf6 33. Nf4 Qf3 34. Bb4
Ne4 35. Be1 Bg7 36. Ra2 g5 37. hxg5 Nxg5 38. Qc2 Qc6 39. Kf1 Qf3 40. a4 Qh1+
41. Ke2 Qf3+ 42. Kf1 Qh1+ 43. Ke2 bxa4 44. Rxb8+ Rxb8 45. Qxc4 Qf3+ 46. Kf1
Qh1+ 47. Ke2 Rb1 48. Qc3 Qf3+ 49. Kf1 Qh1+ 50. Ke2 Nf3 51. Nd3 Ng1+ 52. Kd2
Nf3+ 53. Kc2 Nxe1+ 54. Kxb1 Nxd3+ 55. Kc2 Nxf2 56. Qd2 Qc6+ 57. Kb1 Ne4 58. Qc2
Nc3+ 59. Kb2 a3+ 60. Rxa3 Qb5+ 61. Kxc3 e5 62. Qa4 exd4+ 63. exd4 Qc5+ 64. Kd3
Qf5+ 65. Kc4 Qe6+ 66. Kb5 Qd5+ 67. Ka6 Qd6+ 68. Kb7 Bxd4 69. Qe8+ Kg7 70. Ra6
Qxg3 71. Qc6 Qb3+ 72. Ka8 Qe3 73. Qg2+ Qg5 74. Qb7 Be3 75. Rc6 Qa5+ 76. Kb8
Bf4+ 77. Kc8 Qe5 78. Qb6 Qe8+ 79. Kb7 Qe4 80. Qb2+ Be5 81. Qc1 Qb4+ 82. Kc8
Qg4+ 83. Kb7 Bf6 84. Qe3 Qd7+ 85. Rc7 Qb5+ 86. Kc8 Qa6+ 87. Kd7 Qa4+ 88. Kc8
Qg4+ 89. Kb7 h5 90. Qb3 Qe4+ 91. Kb8 Qe8+ 92. Kb7 Qe4+ 93. Kb8 Qg6 94. Kb7 h4
95. Qe6 Qb1+ 96. Kc8 Qg6 97. Rb7 Qg2 98. Kb8 Qg6 99. Kc8 Qh5 100. Kd7 fxe6 0-1

[Event "CAN op"]
[Site "Calgary CAN"]
[Date "2023.07.23"]
[Round "3.35"]
[White "Santelices, Philip"]
[Black "Mok, Gillian"]
[Result "0-1"]
[WhiteElo "1622"]
[BlackElo "1999"]
[PlyCount "60"]
[EventDate "2023.07.22"]
[EventType "swiss"]
[EventRounds "10"]
[EventCountry "CAN"]

1. Nf3 Nf6 2. g3 g6 3. Bg2 d5 4. d4 Bg7 5. Bg5 O-O 6. Nc3 Bf5 7. h3 Ne4 8. g4
Nxc3 9. bxc3 Be4 10. Qd2 c5 11. Nh4 Bxg2 12. Nxg2 Nc6 13. Bh6 Qa5 14. Bxg7 Kxg7
15. e3 e5 16. O-O cxd4 17. exd4 Nxd4 18. Qd3 Qxc3 19. Qxc3 Ne2+ 20. Kh2 Nxc3
21. Rfe1 Rfe8 22. a4 d4 23. Ra3 Rac8 24. Rb3 b6 25. a5 bxa5 26. Rb7 a4 27. Rxa7
Ra8 28. Rxa8 Rxa8 29. Rxe5 a3 30. Re1 a2 0-1

[Event "CAN op"]
[Site "Calgary CAN"]
[Date "2023.07.23"]
[Round "3.36"]
[White "Li, Adam"]
[Black "Alpuri, Aaqil"]
[Result "1-0"]
[WhiteElo "1988"]
[BlackElo "1704"]
[PlyCount "59"]
[EventDate "2023.07.22"]
[EventType "swiss"]
[EventRounds "10"]
[EventCountry "CAN"]

1. e4 c5 2. Nf3 e6 3. c3 Nf6 4. Qe2 d5 5. exd5 Qxd5 6. g3 Nc6 7. Bg2 Be7 8. O-O
O-O 9. d4 cxd4 10. Nxd4 Nxd4 11. Qd3 Qd7 12. Qxd4 Qxd4 13. cxd4 Rd8 14. Rd1 Rb8
15. Nc3 a6 16. a4 b6 17. Bf4 Bd6 18. Bg5 Be7 19. d5 e5 20. Ne4 Nxe4 21. Bxe7
Rd7 22. d6 f5 23. g4 Bb7 24. gxf5 Nf6 25. Bf1 Kf7 26. Bc4+ Ke8 27. Re1 e4 28.
f3 Bd5 29. Bxa6 Kf7 30. Bb5 1-0

[Event "CAN op"]
[Site "Calgary CAN"]
[Date "2023.07.23"]
[Round "3.37"]
[White "Zhao, Erin"]
[Black "Moses, Neil"]
[Result "1/2-1/2"]
[WhiteElo "1613"]
[BlackElo "1985"]
[PlyCount "106"]
[EventDate "2023.07.22"]
[EventType "swiss"]
[EventRounds "10"]
[EventCountry "CAN"]

1. e4 c5 2. Nf3 Nc6 3. d4 cxd4 4. Nxd4 Nf6 5. Nc3 e5 6. Ndb5 d6 7. Bg5 a6 8.
Na3 b5 9. Nd5 Be7 10. Bxf6 Bxf6 11. c3 Bg5 12. Nc2 Rb8 13. Be2 O-O 14. O-O f5
15. f3 Be6 16. Qd3 Qd7 17. Rad1 Rbd8 18. c4 bxc4 19. Qxc4 a5 20. Qc3 Qb7 21.
Bc4 Kh8 22. b3 f4 23. Rd3 Rc8 24. Rfd1 a4 25. Qe1 axb3 26. Bxb3 Bd8 27. Ndb4
Bxb3 28. Rxb3 Na5 29. Rbb1 Nc4 30. Kh1 Qa7 31. Qe2 Rf7 32. Rd3 Bb6 33. Rdb3 Be3
34. Nc6 Qa4 35. Rb4 Qxc6 36. Qxc4 Qxc4 37. Rxc4 Rff8 38. Nxe3 fxe3 39. Rcb4 Kg8
40. R4b3 Rc2 41. Rxe3 Rxa2 42. Reb3 Rc8 43. Rb8 Rxb8 44. Rxb8+ Kf7 45. Kg1 Kf6
46. Rb7 h5 47. h3 g6 48. h4 Rd2 49. Rd7 Ke6 50. Rg7 Kf6 51. Rd7 Ke6 52. Rg7 Kf6
53. Rd7 Ke6 1/2-1/2

[Event "CAN op"]
[Site "Calgary CAN"]
[Date "2023.07.23"]
[Round "3.38"]
[White "Raman, Shanker"]
[Black "Taylor, Ashton"]
[Result "0-1"]
[WhiteElo "1601"]
[BlackElo "1969"]
[PlyCount "127"]
[EventDate "2023.07.22"]
[EventType "swiss"]
[EventRounds "10"]
[EventCountry "CAN"]

1. d4 d5 2. c4 e6 3. Nc3 Nf6 4. Bg5 Be7 5. e3 h6 6. Bh4 b6 7. cxd5 Nxd5 8. Bxe7
Qxe7 9. Nxd5 exd5 10. Nf3 O-O 11. Rc1 Bb7 12. Bd3 c5 13. O-O Nd7 14. Qe2 c4 15.
Bb1 b5 16. Qc2 g6 17. Rfe1 Nf6 18. Ne5 Bc8 19. Qe2 Nd7 20. f4 Nxe5 21. fxe5 Be6
22. Rf1 f5 23. Qf2 Kg7 24. Qg3 a5 25. a3 b4 26. axb4 axb4 27. Rf2 Ra1 28. Rff1
g5 29. h4 g4 30. Bc2 Rxc1 31. Rxc1 Qa7 32. Qf2 Qa2 33. Bb1 Qb3 34. Qd2 Ra8 35.
Rf1 Rf8 36. g3 Qa4 37. Qe2 Qa5 38. Qd2 Rf7 39. Kf2 c3 40. bxc3 bxc3 41. Qd3 Rb7
42. Kg1 Rb2 43. Rc1 Rd2 44. Qxc3 Rd1+ 45. Kf2 Qxc3 46. Rxc3 Rxb1 47. Rc7+ Kf8
48. Rh7 h5 49. Rxh5 Kg7 50. Rg5+ Kh6 51. Kg2 Rb2+ 52. Kf1 Rd2 53. Ke1 Rg2 54.
Kf1 Rxg3 55. Kf2 Rh3 56. Kg2 Rxh4 57. Rxf5 Bxf5 58. Kg3 Rh3+ 59. Kf2 Be4 60. e6
g3+ 61. Ke2 Rh2+ 62. Ke1 g2 63. Kf2 Rh1 64. e7 0-1

[Event "CAN op"]
[Site "Calgary CAN"]
[Date "2023.07.23"]
[Round "3.39"]
[White "Bulga, Tamir"]
[Black "Yang, Vincent"]
[Result "1-0"]
[WhiteElo "1961"]
[BlackElo "1670"]
[PlyCount "55"]
[EventDate "2023.07.22"]
[EventType "swiss"]
[EventRounds "10"]
[EventCountry "CAN"]

1. Nf3 d5 2. e3 Nf6 3. c4 c6 4. Nc3 Bg4 5. Be2 e6 6. b3 Bd6 7. Bb2 O-O 8. O-O
Nbd7 9. d4 Rc8 10. a4 c5 11. cxd5 exd5 12. dxc5 Nxc5 13. h3 Be6 14. Nb5 Bb8 15.
Nbd4 Bd7 16. Rc1 Qb6 17. Ba3 Rfd8 18. Bd3 Nxd3 19. Qxd3 Be6 20. b4 a5 21. Rb1
Rc4 22. Nd2 Rcc8 23. Rb3 Bd6 24. Rfb1 Rc7 25. bxa5 Qxa5 26. Bxd6 Rxd6 27. Nb5
g6 28. Nxd6 1-0

[Event "CAN op"]
[Site "Calgary CAN"]
[Date "2023.07.23"]
[Round "3.40"]
[White "Yu, Ryan"]
[Black "Wang, Andy"]
[Result "1/2-1/2"]
[WhiteElo "1540"]
[BlackElo "1960"]
[PlyCount "41"]
[EventDate "2023.07.22"]
[EventType "swiss"]
[EventRounds "10"]
[EventCountry "CAN"]

1. e4 e5 2. Nf3 Nc6 3. Bc4 Bc5 4. c3 Nf6 5. d4 exd4 6. e5 Ne4 7. cxd4 Bb4+ 8.
Bd2 Nxd2 9. Nbxd2 d5 10. Bb5 Bd7 11. O-O O-O 12. a3 Bxd2 13. Bxc6 Bxc6 14. Qxd2
b6 15. Rfe1 Re8 16. Rac1 Bb7 17. Qf4 Qe7 18. e6 Rac8 19. exf7+ Qxf7 20. Rxe8+
Rxe8 21. Qxf7+ 1/2-1/2

[Event "CAN op"]
[Site "Calgary CAN"]
[Date "2023.07.23"]
[Round "3.41"]
[White "Douglas, Richard"]
[Black "Sazon, Omar"]
[Result "1-0"]
[WhiteElo "1950"]
[BlackElo "1642"]
[PlyCount "77"]
[EventDate "2023.07.22"]
[EventType "swiss"]
[EventRounds "10"]
[EventCountry "CAN"]

1. f4 d5 2. Nf3 c5 3. e3 a6 4. Be2 Nc6 5. O-O Nf6 6. d3 e6 7. Qe1 Bd6 8. Nc3 b5
9. e4 c4 10. Kh1 Bc5 11. e5 Ng4 12. d4 Be7 13. Qg3 h5 14. h3 Qb6 15. hxg4 hxg4+
16. Nh2 Nxd4 17. Bxg4 Nxc2 18. Rb1 Bb7 19. Bf3 Bh4 20. Qg4 O-O-O 21. f5 Rh7 22.
Bf4 Rdh8 23. fxe6 Ne3 24. Bxe3 Qxe3 25. exf7+ Kb8 26. Be4 Bc8 27. f8=Q Bd8 28.
Qxh8 Rxh8 29. Nxd5 Rxh2+ 30. Kxh2 Qh6+ 31. Qh3 Bxh3 32. gxh3 g5 33. Nf6 Bc7 34.
Ng4 Qg7 35. Rf5 Qd7 36. Rbf1 Qd2+ 37. R1f2 Qc1 38. Rf8+ Ka7 39. R2f6 1-0

[Event "CAN op"]
[Site "Calgary CAN"]
[Date "2023.07.23"]
[Round "3.42"]
[White "Heran-Boily, Samuel"]
[Black "Wang, Patrick"]
[Result "0-1"]
[WhiteElo "1936"]
[BlackElo "1622"]
[PlyCount "68"]
[EventDate "2023.07.22"]
[EventType "swiss"]
[EventRounds "10"]
[EventCountry "CAN"]

1. e4 c5 2. Nf3 d6 3. Bc4 Nc6 4. O-O Nf6 5. Re1 Bg4 6. c3 e6 7. h3 Bh5 8. d3
Be7 9. Nbd2 O-O 10. Bb3 b5 11. Nf1 Ne5 12. g4 Nxf3+ 13. Qxf3 Bg6 14. Ng3 d5 15.
e5 Nd7 16. d4 Qb6 17. Be3 cxd4 18. cxd4 f6 19. Bxd5 fxe5 20. Qg2 Rae8 21. dxe5
Bc5 22. Bc6 Nxe5 23. Bxc5 Qxc5 24. Rec1 Qb6 25. Bxe8 Bxe8 26. Rc8 Nf3+ 27. Kf1
Nh4 28. Qh2 Nf3 29. Qh1 Nd2+ 30. Ke1 Qxf2+ 31. Kd1 Qxg3 32. Qa8 Nc4 33. Qe4
Rf1+ 34. Kc2 Qf2+ 0-1

[Event "CAN op"]
[Site "Calgary CAN"]
[Date "2023.07.23"]
[Round "3.43"]
[White "Jackson, Mateo"]
[Black "Todd, Nick"]
[Result "1-0"]
[WhiteElo "1914"]
[BlackElo "1525"]
[PlyCount "63"]
[EventDate "2023.07.22"]
[EventType "swiss"]
[EventRounds "10"]
[EventCountry "CAN"]

1. e4 e5 2. Nf3 Nc6 3. d4 d6 4. dxe5 Qe7 5. Nc3 Nxe5 6. Nxe5 dxe5 7. Bc4 Nf6 8.
Bg5 Qd6 9. O-O Be7 10. h3 O-O 11. Qe2 a6 12. Rad1 Qb4 13. Bb3 Qb6 14. Rd3 Be6
15. Nd5 Bxd5 16. exd5 Qd6 17. Re1 Rfe8 18. c4 Nd7 19. Bxe7 Rxe7 20. Bc2 e4 21.
Re3 f5 22. a3 Rf8 23. b4 Rf6 24. c5 Qe5 25. f3 Ref7 26. fxe4 f4 27. Rf3 Rg6 28.
c6 Qd4+ 29. Qf2 Qxf2+ 30. Rxf2 Ne5 31. cxb7 Nd7 32. d6 1-0

[Event "CAN op"]
[Site "Calgary CAN"]
[Date "2023.07.23"]
[Round "3.44"]
[White "Srinivasan, Hemant"]
[Black "Ming, Jerry"]
[Result "1-0"]
[WhiteElo "2200"]
[BlackElo "1756"]
[PlyCount "67"]
[EventDate "2023.07.22"]
[EventType "swiss"]
[EventRounds "10"]
[EventCountry "CAN"]

1. d4 d5 2. c4 e6 3. Nc3 a6 4. cxd5 exd5 5. Nf3 c6 6. Bf4 Bd6 7. Bxd6 Qxd6 8.
e3 Nf6 9. Bd3 O-O 10. h3 Nbd7 11. O-O Re8 12. a4 Ne4 13. Qc2 Ndf6 14. Ne5 Nxc3
15. bxc3 h6 16. a5 Nd7 17. Nxd7 Bxd7 18. Rfb1 Rab8 19. Rb6 Qc7 20. c4 dxc4 21.
Qxc4 Be6 22. Qc5 Red8 23. Rab1 Rd5 24. Qc3 Rg5 25. f4 Rd5 26. Bxa6 Bc8 27. Bc4
Rd6 28. a6 Rd7 29. Be2 Re7 30. Bf3 Bf5 31. R1b2 Kh7 32. Rxb7 Rxb7 33. axb7 Qb8
34. Qc5 1-0

[Event "CAN op"]
[Site "Calgary CAN"]
[Date "2023.07.23"]
[Round "3.45"]
[White "Rekhson, Vladislav"]
[Black "Yin, Zeming"]
[Result "1/2-1/2"]
[WhiteElo "2146"]
[BlackElo "1748"]
[PlyCount "89"]
[EventDate "2023.07.22"]
[EventType "swiss"]
[EventRounds "10"]
[EventCountry "CAN"]

1. e4 c5 2. Nf3 e6 3. g3 Nc6 4. Bg2 d5 5. exd5 exd5 6. d4 Nf6 7. O-O Be7 8.
dxc5 Bxc5 9. Re1+ Be7 10. Nc3 O-O 11. Bg5 d4 12. Ne2 h6 13. Bxf6 Bxf6 14. Qd2
Qb6 15. Nf4 Rd8 16. Nd3 Bf5 17. a4 a5 18. Re2 Rac8 19. Nfe1 Rc7 20. Ra3 Be6 21.
Ra1 Bf5 22. Qf4 Be6 23. b3 Re7 24. Qd2 Bd5 25. Rd1 Bxg2 26. Nxg2 Rde8 27. Rde1
Qc7 28. Ngf4 Qd6 29. Nh5 b6 30. f4 Re6 31. Nxf6+ gxf6 32. Rxe6 Rxe6 33. f5
Rxe1+ 34. Qxe1 Ne5 35. Qe4 Nxd3 36. Qxd3 Qe5 37. Kf2 Qd5 38. Qf3 Qc5 39. Qd3
Qd5 40. h4 Kg7 41. Qf3 Qc5 42. Qd3 Qd5 43. Qf3 Qc5 44. Qd3 Qd5 45. Qf3 1/2-1/2

[Event "CAN op"]
[Site "Calgary CAN"]
[Date "2023.07.23"]
[Round "3.46"]
[White "Chacon, Jose Eduardo"]
[Black "Zou, Alex"]
[Result "1/2-1/2"]
[WhiteElo "1983"]
[BlackElo "1742"]
[PlyCount "46"]
[EventDate "2023.07.22"]
[EventType "swiss"]
[EventRounds "10"]
[EventCountry "CAN"]

1. d4 d5 2. Bf4 c5 3. e3 cxd4 4. exd4 Nf6 5. Nd2 Bf5 6. c3 Nc6 7. Ngf3 Rc8 8.
Be2 e6 9. Qb3 Nh5 10. Be5 Qd7 11. h3 Nf6 12. g4 Bg6 13. Nh4 Ne4 14. Nxe4 Bxe4
15. f3 Bg6 16. Nxg6 hxg6 17. O-O-O Nxe5 18. dxe5 a6 19. Kb1 Bc5 20. f4 Qc7 21.
Bd3 Qb6 22. Qa4+ Qc6 23. Qb3 Qb6 1/2-1/2

[Event "CAN op"]
[Site "Calgary CAN"]
[Date "2023.07.23"]
[Round "3.47"]
[White "Aird, Ian"]
[Black "Mok, Erwin"]
[Result "0-1"]
[WhiteElo "1881"]
[BlackElo "1694"]
[PlyCount "64"]
[EventDate "2023.07.22"]
[EventType "swiss"]
[EventRounds "10"]
[EventCountry "CAN"]

1. Nf3 d5 2. g3 Nf6 3. Bg2 c5 4. O-O Nc6 5. d4 e6 6. c4 Bd6 7. cxd5 exd5 8. Nc3
Be6 9. Bg5 cxd4 10. Nxd4 Be7 11. Nxe6 fxe6 12. e4 d4 13. Nb5 a6 14. Na3 Qa5 15.
Bd2 Qc7 16. Qb3 Nd8 17. Rac1 Qb8 18. e5 Qxe5 19. Bf4 Qf5 20. Rfe1 O-O 21. Re5
Qg6 22. Re2 Kh8 23. Bc7 Rc8 24. Bxb7 Nxb7 25. Qxb7 Nd5 26. Rc6 d3 27. Rd2 Bb4
28. Rd1 d2 29. Bd6 Qg4 30. Rxc8 Qxd1+ 31. Kg2 Qf3+ 32. Kh3 Bxd6 0-1

[Event "CAN op"]
[Site "Calgary CAN"]
[Date "2023.07.23"]
[Round "3.48"]
[White "Koo, Minjun"]
[Black "Ratte, Cameron"]
[Result "0-1"]
[WhiteElo "1661"]
[BlackElo "1848"]
[PlyCount "112"]
[EventDate "2023.07.22"]
[EventType "swiss"]
[EventRounds "10"]
[EventCountry "CAN"]

1. d4 e6 2. Nc3 d5 3. Bf4 Bd6 4. e3 Bxf4 5. exf4 c5 6. Nf3 cxd4 7. Qxd4 Nf6 8.
Ne5 O-O 9. Bb5 a6 10. Ba4 b5 11. Bb3 Bb7 12. O-O Qd6 13. Rfd1 Nc6 14. Nxc6 Qxc6
15. a4 b4 16. Na2 a5 17. Nc1 Rac8 18. Nd3 Ba6 19. Ne5 Qc5 20. Rac1 Ne4 21. Nd7
Qxd4 22. Rxd4 Rfd8 23. f3 Nd6 24. Ne5 f6 25. Ng4 Nf5 26. Rd2 Bc4 27. Bxc4 Rxc4
28. Re1 Kf7 29. Ne3 Nxe3 30. Rxe3 Rdc8 31. f5 e5 32. Ree2 d4 33. b3 Rc3 34. Kf2
g6 35. g4 gxf5 36. gxf5 Rg8 37. h4 Kg7 38. Re4 Rgc8 39. Ree2 Kh6 40. Kg3 Kh5
41. Rf2 Re3 42. Rd1 Rcc3 43. Kg2 Kxh4 44. Rh1+ Kg5 45. Rxh7 Kxf5 46. Rh5+ Ke6
47. Rh6 d3 48. cxd3 Rexd3 49. f4 e4 50. f5+ Ke5 51. Rh8 e3 52. Re2 Rd2 53. Re8+
Kxf5 54. R8xe3 Rxe2+ 55. Rxe2 Rxb3 56. Rc2 Rc3 0-1

[Event "CAN op"]
[Site "Calgary CAN"]
[Date "2023.07.23"]
[Round "3.49"]
[White "Daniluk, Jim"]
[Black "Gibson, Leroy"]
[Result "0-1"]
[WhiteElo "1844"]
[BlackElo "1686"]
[PlyCount "184"]
[EventDate "2023.07.22"]
[EventType "swiss"]
[EventRounds "10"]
[EventCountry "CAN"]

1. e4 d5 2. exd5 Qxd5 3. d4 c6 4. c4 Qa5+ 5. Bd2 Qb6 6. c5 Qd8 7. Nf3 Bg4 8.
Bc4 Nf6 9. Ne5 Be6 10. Bxe6 fxe6 11. Be3 g6 12. Qb3 Qc8 13. Nd2 Bg7 14. Ndf3
O-O 15. Bg5 Nd5 16. h4 h6 17. Bd2 Rf6 18. Qd3 Qe8 19. Rh3 Nd7 20. Ng4 Rf5 21.
Bxh6 Nf4 22. Bxf4 Rxf4 23. Rg3 Nf6 24. Nge5 Rf5 25. Rxg6 Qd8 26. Qe3 Kf8 27. g4
Qa5+ 28. Kf1 Nd5 29. Qe1 Qxe1+ 30. Rxe1 Rf4 31. Rxe6 Bxe5 32. Nxe5 Rxd4 33. g5
Kg7 34. h5 Rh4 35. h6+ Kh7 36. Nf3 Rh1+ 37. Kg2 Rxe1 38. Rxe1 Rf8 39. Kg3 Kg6
40. Rh1 Nf4 41. Re1 Nh5+ 42. Kg2 Nf4+ 43. Kf1 e6 44. Re5 Rd8 45. Re4 Kf5 46.
Re1 Rd3 47. Re3 Rd7 48. Kg1 Re7 49. Kh2 e5 50. Kg3 e4 51. g6 Nxg6 52. Nd2 Rh7
53. Nxe4 Rxh6 54. Nd6+ Kf6 55. Nxb7 Ne7 56. Nd8 Nf5+ 57. Kf3 Nxe3 58. Kxe3 Ke7
59. Nb7 Ke6 60. Kd4 Rh4+ 61. Kc3 Kd5 62. b4 Rh3+ 63. Kb2 Rf3 64. a3 Rxf2+ 65.
Kc3 Rf3+ 66. Kb2 a6 67. Na5 Rg3 68. Nb7 Kd4 69. Na5 Rg6 70. Kc2 Rh6 71. Kb2
Rh2+ 72. Kb3 Kd5 73. Kc3 Rh7 74. Kb3 Rh8 75. Kc3 Rb8 76. Kb3 Rb5 77. Nc4 Kd4
78. Na5 Rxa5 79. bxa5 Kxc5 80. a4 Kd4 81. Kb2 Kc4 82. Kb1 Kb4 83. Kb2 Kxa4 84.
Kc3 Kxa5 85. Kc4 Kb6 86. Kd4 Kb5 87. Kd3 Kb4 88. Kc2 c5 89. Kb2 c4 90. Kc2 c3
91. Kc1 Kb3 92. Kb1 c2+ 0-1

[Event "CAN op"]
[Site "Calgary CAN"]
[Date "2023.07.23"]
[Round "3.50"]
[White "Todd, Adie"]
[Black "Pottinger, Carl"]
[Result "1/2-1/2"]
[WhiteElo "1618"]
[BlackElo "1822"]
[PlyCount "84"]
[EventDate "2023.07.22"]
[EventType "swiss"]
[EventRounds "10"]
[EventCountry "CAN"]

1. d4 Nf6 2. Bg5 g6 3. Bxf6 exf6 4. e3 Bg7 5. g3 O-O 6. Bg2 d5 7. Ne2 c6 8. O-O
Nd7 9. Nd2 f5 10. c4 Nf6 11. Nf4 Be6 12. Rc1 Qd7 13. b3 Ne4 14. Nxe4 fxe4 15.
cxd5 Bxd5 16. Nxd5 Qxd5 17. Rc5 Qe6 18. d5 Qe7 19. Qc2 cxd5 20. Rxd5 f5 21.
Rfd1 Rfd8 22. Qd2 Rxd5 23. Qxd5+ Kh8 24. Qd7 Qxd7 25. Rxd7 Rb8 26. f3 exf3 27.
Bxf3 Bh6 28. Kf2 Re8 29. Rd3 Re7 30. g4 fxg4 31. Bxg4 Bg5 32. Bf3 b6 33. e4 Bf4
34. h3 Rc7 35. Be2 Kg7 36. Rf3 g5 37. Rd3 Rf7 38. a3 Re7 39. Kf3 Kg6 40. Rd5
Be5 41. Ke3 h6 42. Bg4 Kf6 1/2-1/2

[Event "CAN op"]
[Site "Calgary CAN"]
[Date "2023.07.23"]
[Round "3.51"]
[White "Offengenden, Ron"]
[Black "Lu, Aiden"]
[Result "1/2-1/2"]
[WhiteElo "1812"]
[BlackElo "1561"]
[PlyCount "46"]
[EventDate "2023.07.22"]
[EventType "swiss"]
[EventRounds "10"]
[EventCountry "CAN"]

1. e4 e5 2. Nf3 Nc6 3. Bc4 Bc5 4. d3 Nf6 5. Nc3 h6 6. Be3 Bb6 7. h3 d6 8. d4
exd4 9. Nxd4 Nxd4 10. Bxd4 Qe7 11. O-O O-O 12. Bxb6 axb6 13. f4 Be6 14. Qd3
Rfe8 15. Rad1 Rad8 16. Rfe1 Qd7 17. Bb5 c6 18. Ba4 Qc7 19. f5 Bc8 20. a3 Re5
21. b4 b5 22. Bb3 Qe7 23. Kf1 Qc7 1/2-1/2

[Event "CAN op"]
[Site "Calgary CAN"]
[Date "2023.07.23"]
[Round "3.52"]
[White "Gokhale, Tanishka"]
[Black "Zhang, Brian"]
[Result "0-1"]
[WhiteElo "1543"]
[BlackElo "1926"]
[PlyCount "88"]
[EventDate "2023.07.22"]
[EventType "swiss"]
[EventRounds "10"]
[EventCountry "CAN"]

1. e4 c5 2. Nf3 d6 3. d4 cxd4 4. Nxd4 Nf6 5. Nc3 a6 6. h3 e5 7. Nde2 h5 8. g3
Be6 9. Bg2 Nbd7 10. Be3 Rc8 11. Nd5 Bxd5 12. exd5 g6 13. O-O Bg7 14. Nc3 O-O
15. Qd2 Qc7 16. Rfe1 Nb6 17. Bxb6 Qxb6 18. Na4 Qc7 19. Qc3 b5 20. Qxc7 Rxc7 21.
Nc3 b4 22. Na4 Rxc2 23. a3 Bh6 24. axb4 Rb8 25. Be4 Nxe4 26. Rxe4 f5 27. Ree1
Rxb4 28. Reb1 h4 29. Nc3 hxg3 30. fxg3 Be3+ 31. Kh1 Bd4 32. Na4 e4 33. Nc3
Rbxb2 34. Rxb2 Rxb2 35. Na4 Rh2+ 36. Kxh2 Bxa1 37. Kg2 Bd4 38. Kf1 Kf7 39. Ke2
Kf6 40. Kd2 Ke5 41. g4 fxg4 42. hxg4 Kxd5 43. Nc3+ Bxc3+ 44. Kxc3 Ke5 0-1

[Event "CAN op"]
[Site "Calgary CAN"]
[Date "2023.07.23"]
[Round "3.53"]
[White "Ashley, Mathew"]
[Black "Xu, Philip"]
[Result "0-1"]
[WhiteElo "1709"]
[BlackElo "1878"]
[PlyCount "72"]
[EventDate "2023.07.22"]
[EventType "swiss"]
[EventRounds "10"]
[EventCountry "CAN"]

1. c4 Nf6 2. Nc3 e5 3. g3 d5 4. cxd5 Nxd5 5. Bg2 Nb6 6. Nf3 Nc6 7. O-O Be7 8.
b3 O-O 9. Bb2 Be6 10. d3 Rb8 11. Rc1 f6 12. e3 Bg4 13. h3 Bh5 14. Qd2 a6 15.
Rfd1 Nb4 16. d4 exd4 17. Qxd4 Qxd4 18. Rxd4 Rfd8 19. Ne4 c6 20. a3 Nd3 21. Rc2
Nxb2 22. Rxb2 Bxf3 23. Bxf3 Rxd4 24. exd4 Bxa3 25. Re2 Kf7 26. Nc5 Bxc5 27.
dxc5 Nd7 28. b4 Ne5 29. Be4 Rd8 30. Bxh7 g6 31. f4 Nf3+ 32. Kf2 Nd4 33. Rd2 Kg7
34. g4 Kxh7 35. f5 gxf5 36. gxf5 Rd5 0-1

[Event "CAN op"]
[Site "Calgary CAN"]
[Date "2023.07.23"]
[Round "3.55"]
[White "Tcherni, Avram"]
[Black "Quiring, John"]
[Result "0-1"]
[WhiteElo "1701"]
[BlackElo "1799"]
[PlyCount "78"]
[EventDate "2023.07.22"]
[EventType "swiss"]
[EventRounds "10"]
[EventCountry "CAN"]

1. e4 e5 2. Nf3 Nc6 3. Bc4 Bc5 4. c3 d6 5. d4 exd4 6. cxd4 Bb4+ 7. Bd2 Bxd2+ 8.
Qxd2 Nf6 9. Nc3 O-O 10. O-O Nxe4 11. Nxe4 d5 12. Bd3 dxe4 13. Bxe4 Ne7 14. Rfe1
c6 15. Rac1 Bf5 16. Bxf5 Nxf5 17. Re5 Qf6 18. Qf4 Nd6 19. Qxf6 gxf6 20. Re7
Rfe8 21. Rce1 Kf8 22. Rxe8+ Rxe8 23. Rxe8+ Kxe8 24. Nd2 Kd7 25. f3 Ke6 26. Ne4
Nxe4 27. fxe4 f5 28. e5 Kd5 29. Kf2 Kxd4 30. Kf3 Kxe5 31. g3 c5 32. h4 b5 33.
Ke3 c4 34. a3 a5 35. h5 b4 36. axb4 axb4 37. h6 c3 38. b3 c2 39. Kd2 f4 0-1

[Event "CAN op"]
[Site "Calgary CAN"]
[Date "2023.07.23"]
[Round "3.56"]
[White "Skop, Mike"]
[Black "Usselman, Paul"]
[Result "1/2-1/2"]
[WhiteElo "1655"]
[BlackElo "1781"]
[PlyCount "58"]
[EventDate "2023.07.22"]
[EventType "swiss"]
[EventRounds "10"]
[EventCountry "CAN"]

1. c3 Nf6 2. Na3 d5 3. Nc2 e5 4. g3 Bd6 5. Nh3 c5 6. Bg2 Nc6 7. d3 h6 8. O-O
Be6 9. f4 Qd7 10. fxe5 Bxh3 11. exd6 Bxg2 12. Kxg2 Qxd6 13. Bf4 Qe7 14. Ne3 Qe6
15. Nc2 O-O 16. Qd2 Rfe8 17. Rae1 Rad8 18. Qe3 d4 19. Qxe6 Rxe6 20. cxd4 cxd4
21. h3 Rde8 22. Rf2 Nd5 23. Bd2 a5 24. a3 b6 25. Kf1 Rf6 26. e4 dxe3 27. Bxe3
Nxe3+ 28. Rxe3 Rxe3 29. Rxf6 Re6 1/2-1/2

[Event "CAN op"]
[Site "Calgary CAN"]
[Date "2023.08.20"]
[Round "3.57"]
[White "Giles, Patrick"]
[Black "Radic, Dejan"]
[Result "0-1"]
[WhiteElo "1653"]
[BlackElo "1746"]
[PlyCount "26"]
[EventDate "2023.07.22"]
[EventType "swiss"]
[EventRounds "10"]
[EventCountry "CAN"]

1. Nf3 c5 2. c4 g6 3. Nc3 Nc6 4. g3 Bg7 5. Bg2 Nf6 6. O-O O-O 7. d3 d6 8. Rb1
Bf5 9. Nh4 Bd7 10. Bd2 Qc8 11. Qc1 Bh3 12. Bh6 Bxg2 13. Nxg2 Qh3 0-1

[Event "CAN op"]
[Site "Calgary CAN"]
[Date "2023.07.23"]
[Round "3.58"]
[White "Zhang, James"]
[Black "Hooshdaran, Soheil"]
[Result "0-1"]
[WhiteElo "1742"]
[BlackElo "1617"]
[PlyCount "58"]
[EventDate "2023.07.22"]
[EventType "swiss"]
[EventRounds "10"]
[EventCountry "CAN"]

1. e4 c5 2. Nf3 d6 3. d4 cxd4 4. Nxd4 Nf6 5. Nc3 a6 6. Bg5 e6 7. f4 Qb6 8. Qd2
Qxb2 9. Rb1 Qa3 10. e5 Nfd7 11. exd6 Qxd6 12. Qe3 Nc6 13. Rd1 Nxd4 14. Rxd4 Qc6
15. Qd2 Bc5 16. Rd3 O-O 17. Rg3 Kh8 18. Bd3 Bb4 19. Bf1 f6 20. Bh4 g5 21. fxg5
Bxc3 22. Rxc3 Qe4+ 23. Re3 Qxh4+ 24. Rg3 fxg5 25. Kd1 Qf4 26. Qc3+ Qf6 27.
Qxf6+ Nxf6 28. Rxg5 Ne4 29. Re5 Nf2+ 0-1

[Event "CAN op"]
[Site "Calgary CAN"]
[Date "2023.07.23"]
[Round "3.59"]
[White "Aluko, Olanrewaju"]
[Black "Russell, Wesley"]
[Result "1-0"]
[WhiteElo "1640"]
[BlackElo "1723"]
[PlyCount "91"]
[EventDate "2023.07.22"]
[EventType "swiss"]
[EventRounds "10"]
[EventCountry "CAN"]

1. d4 d5 2. e3 e6 3. Bd3 c5 4. c3 Nf6 5. f4 Nc6 6. Nf3 Be7 7. Nbd2 b6 8. O-O
O-O 9. Ne5 Bb7 10. Qf3 Rc8 11. g4 Nd7 12. Qh3 g6 13. Rf3 Ncxe5 14. fxe5 a6 15.
Nf1 b5 16. a3 Nb6 17. Ng3 Bg5 18. Bd2 Nc4 19. Bc1 Na5 20. Bc2 cxd4 21. exd4
Bxc1 22. Rxc1 Qg5 23. Rcf1 Nc4 24. R1f2 Rc7 25. Nf1 a5 26. Qg3 Qc1 27. Kg2 Nxb2
28. h4 Nc4 29. g5 Nxa3 30. Bxg6 hxg6 31. h5 Qb1 32. Nd2 Qc2 33. Nf1 Qb1 34. Rf6
Qe4+ 35. Kh2 gxh5 36. R6f4 Qg6 37. Rf6 Qg7 38. Qf3 b4 39. cxb4 axb4 40. Qxh5 b3
41. g6 Qh8 42. gxf7+ Rfxf7 43. Rg2+ Rg7 44. Rf8+ Kxf8 45. Qxh8+ Ke7 46. Rxg7#
1-0